Sustainability and commercial property valuation (Record no. 115074)

MARC details
000 -LEADER
fixed length control field 01399cam a22002655a 4500
001 - CONTROL NUMBER
control field L158009
008 - FIXED-LENGTH DATA ELEMENTS--GENERAL INFORMATION
fixed length control field 131105s2013 xxk f 000 0 eng d
020 ## - INTERNATIONAL STANDARD BOOK NUMBER
ISBN 978178320299
035 ## - SYSTEM CONTROL NUMBER
System control number (Sirsi) u158009
041 0# - LANGUAGE CODE
Language code of text/sound track or separate title eng
110 2# - MAIN ENTRY--CORPORATE NAME
Corporate author Royal Institution of Chartered Surveyors
245 00 - TITLE STATEMENT
Title Sustainability and commercial property valuation
Subtitle RICS Professional Guidance, Global
Medium [electronic resource]
250 ## - EDITION
Edition statement 2nd
260 ## - PUBLICATION INFORMATION
Place of publication Coventry
Publisher RICS
Date 2013
520 ## - ABSTRACT
Abstract Part 1 introduces sustainability issues to the valuer. Part 2 highlights the role of the valuer. Part 3 assesses a building's sustainability characteristics including environmental, design and configuration, construction materials and services, location and accessibility, planning and social issues. Part 4 focuses on reflecting sustainability characteristics in market value, fair value, market value and investment values. Effective from October 2013.
520 ## - ABSTRACT
Abstract Supersedes E148364 RICS Valuation and Information Paper 13 Sustainability and commercial property valuation.
590 ## - LOCAL NOTE (RLIN)
Local note KA
650 ## - KEYWORDS
Keywords Climate change
650 ## - KEYWORDS
Keywords Sustainability
650 ## - KEYWORDS
Keywords Value the planet
651 #4 - SUBJECT ADDED ENTRY--GEOGRAPHIC NAME
Geographic name International
690 ## - BROAD SUBJECT
Broad subject Valuation
9 (RLIN) 6273
856 40 - ONLINE RESOURCE
Uniform Resource Identifier <a href="https://www.rics.org/Global/Sustainability_and_commercial_property_valuation_2nd_edition_PGguidance_2013.pdf">https://www.rics.org/Global/Sustainability_and_commercial_property_valuation_2nd_edition_PGguidance_2013.pdf</a>
Public note View the item at rics.org
942 ## - ADDED ENTRY ELEMENTS (KOHA)
Suppress in OPAC Do not suppress in OPAC
Holdings
Lost status Source of classification or shelving scheme Damaged status Not for loan Home library Current library Shelving location Date acquired Total Checkouts Full call number Barcode Date last seen Copy number Price effective from Koha item type
  Dewey Decimal Classification     Virtual Virtual Online 05/11/2013   ONLINE PUBLICATION 158009-2001 06/08/2019 1 06/08/2019 Book